Различные чтения Корана (Запись № 12603404)

Подробности
000 -МАРКЕР
контрольное поле 01953nam0a2200361 4500
001 - ИДЕНТИФИКАТОР ЗАПИСИ
контрольное поле RU\NLR\BIBL_A\022052954
005 - ИДЕНТИФИКАТОР ВЕРСИИ
контрольное поле 20260409080736.0
010 ## - МЕЖДУНАРОДНЫЙ СТАНДАРТНЫЙ НОМЕР КНИГИ (ISBN)
Номер (ISBN) 978-5-85803-609-8
Тираж 500
021 ## - НОМЕР ГОСУДАРСТВЕННОЙ РЕГИСТРАЦИИ
Код страны российская федерация
Номер 2023-58593
Номер Листа государственной регистраци КН-П-5920
035 ## - ДРУГИЕ СИСТЕМНЫЕ НОМЕРА
Идентификатор записи (NLR Aleph) 022052954
100 ## - ДАННЫЕ ОБЩЕЙ ОБРАБОТКИ
Данные общей обработки 20231018d2023 |||y0rusy50 ca
101 1# - ЯЗЫК РЕСУРСА
Язык текста, звукозаписи и т.д. русский
Язык оригинала английский
102 ## - СТРАНА ПУБЛИКАЦИИ ИЛИ ПРОИЗВОДСТВА
Страна публикации российская федерация
105 ## - ПОЛЕ КОДИРОВАННЫХ ДАННЫХ: ТЕКСТОВЫЕ МАТЕРИАЛЫ, МОНОГРАФИЧЕСКИЕ
Кодированные данные о монографическом текстовом документе y z 000zy
181 #0 - ПОЛЕ КОДИРОВАННЫХ ДАННЫХ: ВИД СОДЕРЖАНИЯ
Код вида содержания (ISBD) i
Код характеристики содержания (ISBD) axxe
182 #0 - ПОЛЕ КОДИРОВАННЫХ ДАННЫХ: ТИП СРЕДСТВА
Код типа средства (ISBD) n - непосредственное
200 1# - ЗАГЛАВИЕ И СВЕДЕНИЯ ОБ ОТВЕТСТВЕННОСТИ
Основное заглавие Различные чтения Корана
Сведения, относящиеся к заглавию критическое исследование исторических и лингвистических предпосылок
Первые сведения об ответственности Ахмад ‘Али ал-Имам
Последующие сведения об ответственности пер. с англ. Талиба Гасанова
-- с предисловием Тахи Джабира ал-Алвани
203 ## - ВИД СОДЕРЖАНИЯ И ТИП СРЕДСТВА
Вид содержания Текст
Дополнительные сведения об издании визуальный
Тип средства непосредственный
210 ## - ПУБЛИКАЦИЯ, РАСПРОСТРАНЕНИЕ И ДР.
Место издания, распространения и т.д. Санкт-Петербург
Имя издателя, распространителя и т. д. Петербургское Востоковедение
Дата издания, распространения и т.д. 2023
215 ## - ФИЗИЧЕСКАЯ ХАРАКТЕРИСТИКА
Специфическое обозначение материала и объем 347, [4] с.
Размеры 17
300 ## - ОБЩИЕ ПРИМЕЧАНИЯ
Текст примечания Пер. изд.: Varint readings of the Qur'an/Ahmad ‘Ali al-Imam. - London, 2006
300 ## - ОБЩИЕ ПРИМЕЧАНИЯ
Текст примечания В конце кн. авт.: проф. Ахмад 'Али ал-Имам
320 ## - ПРИМЕЧАНИЯ О НАЛИЧИИ В ДОКУМЕНТЕ БИБЛИОГРАФИИ / УКАЗАТЕЛЯ
Текст примечания Библиогр. в конце кн., в конце глав и в подстроч. примеч.
454 #0 - ОРИГИНАЛ (ПЕРЕВОДА)
Встроенное поле 2001#$aVarint readings of the Qur'an$fAhmad ‘Ali al-Imam
-- 210##$aLondon$d2006
-- 700#1$aImam$bA. ‘A. al$f1945-2012$gAhmad ‘Ali al$3RU\NLR\AUTH\770261681
Заглавие Varint readings of the Qur'an
Автор Imam, Ahmad ‘Ali al (1945-2012)
500 ## - УНИФИЦИРОВАННОЕ ЗАГЛАВИЕ
Унифицированное заглавие Коран
Идентификатор авторитетной / нормативной записи RU\NLR\AUTH\559118
Системный номер авторитетной/нормативной записи 2631165
605 ## - ЗАГЛАВИЕ КАК ПРЕДМЕТ
Начальный элемент ввода Коран
Тематический подзаголовок Исследование текста
Системный номер авторитетной/нормативной записи 2075602
Идентификатор авторитетной/нормативной записи RU\NLR\AUTH\661250682
686 1# - ИНДЕКСЫ ДРУГИХ КЛАССИФИКАЦИЙ
Индекс Э38-210.2
700 #1 - ИМЯ ЛИЦА - ПЕРВИЧНАЯ ОТВЕТСТВЕННОСТЬ
Графика поля Кириллица
Материалы, к которым относится поле rus
Начальный элемент ввода Имам
Часть имени, кроме начального элемента ввода А. ‘А. ал
Даты 1945-2012
Расширение инициалов личного имени Ахмад ‘Али ал
Системный номер авторитетной/нормативной записи 261630
Идентификатор авторитетной/нормативной записи RU\NLR\AUTH\770261686
942 ## - ДОПОЛНИТЕЛЬНЫЕ ЭЛЕМЕНТЫ ЗАПИСИ (АБИС)
Тип экземпляра АБИС Книга
980 ## - КОЛЛЕКЦИЯ
Название коллекции Национальная библиография
Экземпляры
Тип экземпляра Дата поступления Источник поступления Библиотека постоянного хранения Библиотека текущего хранения Место хранения Шифр хранения Штрих-код Статус не для выдачи Стоимость
Книга 18.10.2023 Обязательный экземпляр РНБ (Московский) РНБ (Московский) Русский книжный фонд: издания с 1957 года, 8этаж, Хран. 2023-2/1637 1-4411362    
Книга 18.10.2023 Обязательный экземпляр РНБ (Московский) РНБ (Московский) Русский книжный фонд: издания с 1957 года, 8этаж, Хран. 2023-2/1637 1-4411363    
Книга 07.03.2025 Контрольный экземпляр из типографии РНБ (Садовая) РНБ (Садовая) Фонд международного книгообмена   1-4879808   300.00